Vplyv vysokej fiškálnej zadĺženosti a inflácie na emisiu štátnych dlhopisov diplomová práca

Enregistré dans:
Détails bibliographiques
Auteur principal: Lauko, Zdenko
Collectivité auteur: Národohospodárska fakulta EU. Katedra bankovníctva a medzinárodných financií
Autres auteurs: Kotlebová, Jana, 1969-
Format: Livre
Langue:slovaque
Publié: Bratislava 2024
Tags: Ajouter un tag
Pas de tags, Soyez le premier à ajouter un tag!

MARC

LEADER 00000nbm a2200000 4500
001 0300774
005 20241104144909.9
041 0 |a slo 
044 |a SK 
245 1 0 |a Vplyv vysokej fiškálnej zadĺženosti a inflácie na emisiu štátnych dlhopisov  |b diplomová práca  |c Zdenko Lauko ; školiteľ: Jana Kotlebová 
264 1 |a Bratislava  |c 2024 
300 |a 88 s. 
100 1 |a Lauko, Zdenko 
700 1 |a Kotlebová, Jana, 1969- 
710 2 |a Národohospodárska fakulta EU. Katedra bankovníctva a medzinárodných financií